| 000 | 00431nam a2200181Ia 4500 | ||
|---|---|---|---|
| 001 | 3322 | ||
| 005 | 20260306145635.0 | ||
| 008 | 260306t1992||||xx |||||||||||||| ||spa|| | ||
| 041 | _aESP | ||
| 082 |
_a269.46 _bV19 |
||
| 100 |
_aAlvarez Lobo, José (Comp.) _eAUT |
||
| 245 | 0 | _aCartas del Obispo Valdivieso | |
| 260 | _c1992 | ||
| 300 |
_a230 páginas : _c21 cm. |
||
| 650 | _aGEN | ||
| 654 | _aCHU | ||
| 942 |
_cLIB _dJUS _fJUS _2ddc _n |
||
| 999 |
_c3322 _d3322 |
||